Visualizing Egypt : European travel, book publishing, and the marketing of the East in the nineteenth century /

"Bonaparte's short-lived 1798 campaign in Egypt, new possibilities of travel, and improvements in printing technology in nineteenth-century France and Britain, a new publishing business dedicated to the production of albums and travel accounts picturing Muslim Egypt and Islamic architectur...

Full description

Saved in:

Main Author: Banas, Paulina (Author)

Format: Book

Language: English

Published: Cairo ; New York : The American University in Cairo Press, 2024.

Subjects:

Tags: Add Tag

No Tags, Be the first to tag this record!

Call Number: DT49.98 .B36

LEADER 04125nam a22004577a 4500
003 OSt
005 20260428103440.0
008 260428t2025 ua af b 001 0 eng
010 |a  2023058437 
020 |a 9781617976674  |q (hardback) 
020 |z 9781649033833  |q (epub) 
020 |z 9781649033840  |q (adobe pdf) 
035 |a 23465174 
040 |a DGU/DLC  |b eng  |e rda  |c DLC  |d DLC 
042 |a pcc 
043 |a f-ua---  |a e-uk---  |a e-fr--- 
050 1 4 |a DT49.98  |b .B36 
082 0 0 |a 910.4  |2 23/eng/20240220 
100 1 |a Banas, Paulina,  |e author. 
245 1 0 |a Visualizing Egypt :  |b European travel, book publishing, and the marketing of the East in the nineteenth century /  |c Paulina Banas. 
246 3 0 |a European travel, book publishing, and the marketing of the East in the nineteenth century 
263 |a 2407 
264 1 |a Cairo ;  |a New York :  |b The American University in Cairo Press,  |c 2024. 
300 |a 369 pages, 16 unnumbered pages of plates :   |b illustrations (some color) ;   |c 24 cm. 
336 |a text  |b txt  |2 rdacontent 
337 |a unmediated  |b n  |2 rdamedia 
338 |a volume  |b nc  |2 rdacarrier 
504 |a Includes bibliographical references and index. 
505 0 |a Making it "Modern" : The Publisher's Perspective and the Marketing of the Nile Valley -- Observing, Recording, and Building the Archive : The Author's Perspective -- Creating Cultural Tropes : The Publishers, the Authors, and the Politics of Circulation of Visual Sources -- Recasting Stereotypes? Multivocal Reading through the Artist, Writer, and Audience's Perspective -- Conflicting Viewpoints and New Visualization Strategies : The Audience, Publisher(s), Author(s), and the Printmakers -- The Authors, the Uneven Politics of Citation and Collaboration, and the Reuse of Commercial Photographs -- Epilogue: The Venture of Orientalist Publishing. 
520 |a "Bonaparte's short-lived 1798 campaign in Egypt, new possibilities of travel, and improvements in printing technology in nineteenth-century France and Britain, a new publishing business dedicated to the production of albums and travel accounts picturing Muslim Egypt and Islamic architecture emerged to cater to a growing European fascination. Visualizing Egypt is about these nineteenth-century French and British illustrated publications filled with images brought from travel to Egypt and then published and promulgated to the Western audience. It analyzes the context and process of production of these books, from their conceptualization to the finished product and its afterlife, from marketing to the sales of these books, and from circulation to their reception by the nineteenth-century audience. By following the long, arduous, and often risky publishing journeys of the makers of these books, from publishers to writers, and artists, such as the Frenchman Émile Prisse d'Avennes, Paulina Banas reveals changing market demands, collaborations, conflicting views, and the unsettled authorship of these works prompting us to think more profoundly about the artistic and intellectual exchange in the world of 19th-century Orientalist book production. By bringing together interests in travel writing, illustration, commerce, the free enterprise of publishing, and technology more broadly, Visualizing Egypt regards nineteenth-century book illustrations on Egypt and the "Orient" not merely as expressions of enduring ideology and colonial propaganda, but as representations shaped by the often-overlooked commercial exigencies of the growing publishing industry and the reckless competition among them."--  |c Provided by publisher. 
650 0 |a Travelers  |z Egypt  |x History  |y 19th century. 
650 0 |a Travelers' writings, British  |x History and criticism. 
650 0 |a Travelers' writings, French  |x History and criticism. 
650 0 |a Illustrated books  |z Great Britain  |x History  |y 19th century. 
650 0 |a Illustrated books  |z France  |x History  |y 19th century. 
651 0 |a Egypt  |x Description and travel. 
651 0 |a Egypt  |x In art. 
906 |a 7  |b cbc  |c orignew  |d 1  |e ecip  |f 20  |g y-gencatlg 
942 |2 lcc  |c BK 
955 |b DGU 2023-12-20 
999 |c 62194  |d 62194